| 000 | 00896nam a2200253 a 4500 | ||
|---|---|---|---|
| 001 | 000797740 | ||
| 003 | AM-YEHGA | ||
| 005 | 20250617164716.0 | ||
| 008 | 110322s1996 ru a|||gr|||||||||0|rus|d | ||
| 020 | _a5885905304 | ||
| 040 | _aAM-YeHGA | ||
| 041 | 1 |
_arus _heng |
|
| 100 | 1 | _aСаммерс, Энтони | |
| 245 | 1 | 0 |
_aБогиня : _bТайны жизни и смерти Мэрилин Монро / _cЭнтони Саммерс ; Пер. с англ. Т.Н. Замиловой |
| 246 | 1 | 3 | _aGoddess : The secret lives of Marilyn Monroe |
| 260 |
_aСмоленск : _bРусич, _c1996. |
||
| 300 |
_a670 с. : _bил. ; _c21 см. |
||
| 440 | 0 | _aЖенщина-миф | |
| 600 | 1 | 4 |
_aМонро, Мэрилин, _d1926-1962 |
| 650 | 1 | 4 |
_aАктеры кино _xБиографии |
| 700 | 1 |
_aЗамиолва, Т.Н. _eпер. _4edt |
|
| 942 |
_2udc _cBK |
||
| 090 | _c566640 | ||
| 999 |
_c528431 _d528431 |
||